000 00444nam a2200181Ia 4500
001 22362
005 20260414150826.0
008 260414t2008||||xx |||||||||||||| ||spa||
041 _aESP
082 _a621.38
_bC85
100 _aCouch, Leon W.
_eAUT
245 0 _aSistemas de comunicación digitales y analógicos
_b
260 _c2008
300 _a756 páginas :
_c25 cm.
650 _aTCA
654 _aCET
942 _cLIB
_dJUS
_fJUS
_2ddc
_n
999 _c22362
_d22362